000 01051nam0a2200313 4500
001 RU\NLR\bibl\1824006
005 20260405140957.0
021 _aRU
_b2011-74160
_95274
035 _a(nilc)RSL-KNO-005029204
035 _a(NLR Aleph) 001814542
090 _a1919143
_c1919143
100 _a20110926d2011 |||y0rusy50 ca
101 0 _arus
102 _aRU
105 _ay |||||||||
200 1 _aИ лодка движется
_eстихотворения, переводы, письма
_fВладимир Пешехонов
210 _aМосква
_cУ Никитских ворот
_d2011
215 _a67, [1] с.
_d21
686 _aШ5(2=Р)75-65я44
_2rubbk
686 _aШ6(2=Р)8я44
700 1 _4070
_8rus
_7ca
_aПешехонов
_bВ. А.
_f1949-
_gВладимир Александрович
_3RU\NLR\auth\7757119
_940051
801 0 _aRU
_bRuMoRKP
_c20110926
_grcr
801 1 _aRU
_bРГБ
_c20110926
801 2 _aRU
_bNLR
_c20111021
_grcr
942 _cBOOK
980 _aNB
980 _aNBR